000 00931nam a2200277Ia 4500
003 OSt
005 20220923210950.0
006 a|||||r|||| 00| 0
007 ta
008 220922b |||||||| |||| 00| 0 hin d
020 _a8126018275 (pb)
024 _a230,963
037 _cTextual
040 _aARTS
_cARTS
_bhin
041 _2hin
_ahin
082 _aO152,6N06:g, M3
100 _aप्रेमशंकर
_9156642
245 0 _aनन्ददुलारे वाजपेयी
246 _aNandadulāre vājapeyī
260 _aनई दिल्ली
_b साहित्य अकादेमी
_c1983
300 _a93पृ.
_ccm.
490 _aभारतीय साहित्य के निर्माता
650 _aहिन्दी साहित्य
_9156264
942 _hO152,6N06:g, M3
_cTEXL
_2CC
999 _c293265
_d293265